Аппаратно-программные комплексы с применением программируемой логики на контроллерах семейства ПЛК-84; Промышленные контроллеры АСУ; № 1

Bibliografske podrobnosti
Parent link:Промышленные контроллеры АСУ: ежемесячный научно-технический производственный журнал.— , 2002-
№ 1.— 2003.— С. 51-54
Glavni avtor: Сафронов С. А.
Drugi avtorji: Герасимов А. В.
Jezik:ruščina
Izdano: 2003
Serija:Технические средства АСУТП
Teme:
Format: Book Chapter
KOHA link:https://koha.lib.tpu.ru/cgi-bin/koha/opac-detail.pl?biblionumber=384594

MARC

LEADER 00000naa2a2200000 4500
001 384594
005 20231101063247.0
035 |a (RuTPU)RU\TPU\prd\11478 
090 |a 384594 
100 |a 20030314a2003 k y0rusy50 ca 
101 0 |a rus 
102 |a RU 
200 1 |a Аппаратно-программные комплексы с применением программируемой логики на контроллерах семейства ПЛК-84  |f С. А. Сафронов, А. В. Герасимов 
225 1 |a Технические средства АСУТП 
461 1 |0 (RuTPU)RU\TPU\prd\2287  |t Промышленные контроллеры АСУ  |o ежемесячный научно-технический производственный журнал  |d 2002- 
463 1 |0 (RuTPU)RU\TPU\prd\11484  |t № 1  |v С. 51-54  |d 2003 
610 1 |a аппаратно-программные комплексы 
610 1 |a программируемая логика 
610 1 |a контроллеры 
700 1 |a Сафронов  |b С. А. 
701 1 |a Герасимов  |b А. В. 
801 1 |a RU  |b 63413507  |c 20030314  |g PSBO 
801 2 |a RU  |b 63413507  |c 20030318  |g PSBO 
942 |c BK